000 00504cam a2200181 4500
001 D5915
008 090401t1981 xxu||||| |||| 00| 0 eng d
035 _a(Sirsi) u75763
041 _aeng
050 _a692.50285
110 _aInstitute of Quantity Surveyors
_92491
245 _aMicro-computers and the quantity surveyor. A seminar and exhibition ... 6 May 1981 ... Crest Hotel, Coventry
260 _aLondon
_bIQS
_c1981
300 _a3 papers
350 _a0
942 _n0
948 _c04/03/1997
999 _c96072
_d96072